Novo dicionário de orçamento e áreas afins / (Record no. 894)

MARC details
000 -LÍDER
Campo Fixo de Controle 00830nam a2200265 a 4500
001 - NÚMERO DE CONTROLE
Campo de Controle 894
003 - IDENTIFICAÇÃO DO NÚMERO DE CONTROLE
Campo de Controle BR-CuiBMT
005 - DATA E HORA DA ÚLTIMA ATUALIZAÇÃO
Campo de Controle 20231212144443.0
008 - DADOS FIXOS
Dados Fixos 231122s2013 dfba 000 0 por d
020 ## - INTERNATIONAL STANDARD BOOK NUMBER
Nº do ISBN 9788591577606
040 ## - AGÊNCIA CATALOGADORA
Código da Agência Catalogadora BR-CuiBMT
Agência que transcreveu o registro BR-CuiBMT
080 ## - Nº DA CLASSIFICAÇÃO DECIMAL UNIVERSAL
Nº Class. CDU 336.144
Nº edição CDU 2007
090 ## - NÚMERO DE CHAMADA
Complemento R
Nº classificação 336.144
Cutter S211n
100 10 - ENTRADA PRINCIPAL -- AUTOR PESSOAL
Nome pessoal Sanches, Osvaldo Maldonado
245 ## - TÍTULO PRINCIPAL
Título principal Novo dicionário de orçamento e áreas afins /
Indicação de responsabilidade Osvaldo Maldonado Sanches.
250 ## - EDIÇÃO
Edição 1. ed.
260 ## - PUBLICAÇÃO, DISTRIBUIÇÃO, ETC.
Local de publicação Brasília:
Editora OMS,
Data 2013.
300 ## - DESCRIÇÃO FÍSICA
N. páginas ou volumes 430 p. :
Ilustrações il. ;
Dimensões 23 cm
504 ## - NOTA DE BIBLIOGRAFIA, ETC.
Nota de bibliografia inclui índice.
650 ## - ASSUNTO TÓPICO
Cabeçalho tópico ou nome geográfico Orçamento público
Subdivisão geral Dicionário
-- Língua portuguesa
650 ## - ASSUNTO TÓPICO
Cabeçalho tópico ou nome geográfico Planejamento
Subdivisão geral Dicionário
-- Língua portuguesa
650 ## - ASSUNTO TÓPICO
Cabeçalho tópico ou nome geográfico Administração pública
Subdivisão geral Dicionário
650 ## - ASSUNTO TÓPICO
Cabeçalho tópico ou nome geográfico Finanças públicas
Subdivisão geral Dicionário
942 ## - ELEMENTOS DE ENTRADA ADICIONAIS (KOHA)
Fonte de classificação ou esquema de arquivamento Classificação Decimal Universal
Tipo de item do Koha Obras de Referência
Holdings
Estado: removido Estado: perdido Fonte de classificação ou esquema de arquivamento Estado: danificado Indisponível para empréstimo Localização permanente Localização atual Data de aquisição Total Checkouts Número de Chamada completo Código de barras Date last seen Número do exemplar Preço efetivo a partir de Tipo de item (Koha)
    Classificação Decimal Universal     Biblioteca da Escola Superior de Contas do TCE/MT Biblioteca da Escola Superior de Contas do TCE/MT 22/11/2023   R 336.144 S211n BIBTCEMT23110880 22/11/2023 Ex. 1 22/11/2023 Obras de Referência

Powered by Koha